[Event "Sparkassen-Open J"]
[Site "Heusenstamm, Martinsee"]
[Date "2017.11.25"]
[Round "2.6"]
[White "Porstendörfer, Eric"]
[Black "Pessotschinski, Lars"]
[Result "1-0"]
[WhiteElo "1489"]
[BlackElo "1158"]
[PlyCount "39"]
[EventDate "2017.??.??"]
[WhiteTeam "SK Klingenberg"]
[BlackTeam "TuS Makkabi"]

1. e4 c5 2. Nf3 d6 3. d4 cxd4 4. Nxd4 Nf6 5. Nc3 g6 6. Nf3 Bg7 7. e5 Ng4 8.
exd6 Qb6 9. Qe2 Qxd6 10. Bd2 O-O 11. O-O-O Qb6 12. Be3 Nxe3 13. Qxe3 Qxe3+ 14.
fxe3 Nc6 15. Nd5 Bf5 16. Bb5 Rac8 17. Bxc6 Rfe8 18. Ba4 Rc5 19. c3 Be4 20. Bxe8
1-0

[Event "Sparkassen-Open J"]
[Site "Heusenstamm, Martinsee"]
[Date "2017.11.25"]
[Round "2.7"]
[White "Meng, Yuxuan"]
[Black "Kail, Oliver"]
[Result "0-1"]
[WhiteElo "1140"]
[BlackElo "1479"]
[PlyCount "68"]
[EventDate "2017.??.??"]
[WhiteTeam "SK Sandhausen"]
[BlackTeam "SK Klingenberg"]

1. e4 e5 2. Nf3 Nc6 3. Bc4 Bc5 4. c3 d6 5. d4 exd4 6. cxd4 Bb6 7. Nc3 Bg4 8. h3
Bxf3 9. Qxf3 Nf6 10. Be3 Bxd4 11. Bxd4 Nxd4 12. Qd3 c5 13. O-O O-O 14. Nd5 a6
15. a4 Nxd5 16. Bxd5 Rb8 17. b4 Qf6 18. bxc5 dxc5 19. Rfe1 Qe5 20. Rac1 Rfc8
21. Qc4 Rc7 22. Rf1 b5 23. axb5 axb5 24. Qc3 Ne2+ 25. Kh1 Nxc3 26. f4 Qd4 27.
e5 Nxd5 28. Rfe1 Qxf4 29. Kg1 Qg3 30. e6 Ne3 31. Re2 b4 32. exf7+ Kxf7 33. Rf2+
Kg8 34. Rf3 Qxg2# 0-1

[Event "Sparkassen-Open J"]
[Site "Heusenstamm, Martinsee"]
[Date "2017.11.25"]
[Round "2.8"]
[White "Wu, Sifan"]
[Black "Czinkota, Michael"]
[Result "0-1"]
[WhiteElo "1255"]
[BlackElo "1139"]
[PlyCount "60"]
[EventDate "2017.??.??"]
[WhiteTeam "SV Oberursel"]
[BlackTeam "SC Bad Soden"]

1. e4 e5 2. Nf3 Nc6 3. Bb5 a6 4. Ba4 Bc5 5. O-O Nf6 6. d3 b5 7. Bb3 d6 8. h3
O-O 9. Bg5 h6 10. Bh4 Be6 11. Nc3 Nd4 12. Bd5 c6 13. Bxe6 fxe6 14. Nxd4 Bxd4
15. Rb1 Rb8 16. Ne2 Ba7 17. c3 Qe8 18. Qc2 Qh5 19. Bg3 Rb7 20. d4 Rbf7 21. dxe5
dxe5 22. c4 Rd7 23. Rbe1 Qg5 24. Nc1 Qxg3 25. cxb5 axb5 26. Qxc6 Ng4 27. Qxe6+
Kh8 28. hxg4 Bxf2+ 29. Rxf2 Qxf2+ 30. Kh2 Qh4+ 0-1

[Event "Sparkassen-Open J"]
[Site "Heusenstamm, Martinsee"]
[Date "2017.11.25"]
[Round "2.9"]
[White "Voicu, Mihai"]
[Black "Althaus, Lennart"]
[Result "0-1"]
[WhiteElo "1112"]
[BlackElo "1235"]
[PlyCount "120"]
[EventDate "2017.??.??"]
[WhiteTeam "Düsseldorfer SV"]
[BlackTeam "TV-Großostheim"]

1. e4 c5 2. Nf3 d6 3. d4 cxd4 4. Nxd4 Nf6 5. Nc3 a6 6. Bd3 e6 7. O-O Be7 8. Re1
b5 9. Bd2 Bb7 10. Qf3 Nbd7 11. Qg3 Nh5 12. Qf3 Nhf6 13. Qg3 Nh5 14. Qf3 Nhf6
15. Qg3 g6 16. Bh6 Nh5 17. Qh3 Bg5 18. Bxg5 Qxg5 19. Nf3 Qf4 20. Re3 Ne5 21.
Ne2 Nxf3+ 22. Qxf3 Qxf3 23. Rxf3 f5 24. Nc3 Nf6 25. Re3 b4 26. Na4 fxe4 27.
Rae1 d5 28. Bf1 O-O 29. g3 Rfc8 30. Rc1 Rc6 31. Rb3 a5 32. Bb5 Rc7 33. Nb6 Rd8
34. c3 Rd6 35. Na4 Ba6 36. Bxa6 Rxa6 37. Rb1 Rc4 38. Kf1 Ng4 39. h3 Ne5 40. a3
Nd3 41. axb4 axb4 42. Ra1 Nc5 43. Rxb4 Rxb4 44. cxb4 Rxa4 45. Rc1 Nd3 46. Rc8+
Kf7 47. b5 Rb4 48. Rb8 Rxb2 49. b6 Rxf2+ 50. Kg1 Rb2 51. b7 Nc5 52. h4 Rxb7 53.
h5 Rxb8 54. hxg6+ Kxg6 55. Kg2 Rf8 56. Kh3 e3 57. Kh4 e2 58. Kg4 h5+ 59. Kh4
e1=Q 60. Kh3 Qh1# 0-1

[Event "Sparkassen-Open J"]
[Site "Heusenstamm, Martinsee"]
[Date "2017.11.25"]
[Round "2.10"]
[White "Klaska, Philipp Leon"]
[Black "Schönau, Tom"]
[Result "1-0"]
[WhiteElo "1153"]
[BlackElo "1130"]
[PlyCount "87"]
[EventDate "2017.??.??"]
[WhiteTeam "Düsseldorfer SV"]
[BlackTeam "SC Herborn"]

1. e4 e5 2. Nf3 Nc6 3. Bc4 Bc5 4. c3 Nf6 5. d4 exd4 6. cxd4 Bb4+ 7. Bd2 Nxe4 8.
Bxb4 Nxb4 9. Bxf7+ Kxf7 10. Qb3+ d5 11. Qxb4 Re8 12. O-O Kg8 13. Nc3 Qe7 14.
Qxe7 Rxe7 15. Nxd5 Rd7 16. Nc3 Nd6 17. Ne5 Re7 18. Nd5 Re8 19. Nxc7 Bf5 20.
Nxa8 Rxa8 21. Rac1 Nb5 22. Nf3 Rd8 23. Rfd1 Bg4 24. d5 Bh5 25. a4 Nd6 26. h3
Be8 27. b3 Bf7 28. Ne5 Bh5 29. g4 Be8 30. f3 b5 31. a5 Nf7 32. Nxf7 Bxf7 33.
Rc5 a6 34. b4 Rd6 35. Rc6 Rd8 36. d6 Rd7 37. Rc8+ Be8 38. Rxe8+ Kf7 39. Ra8 Kg6
40. Rxa6 Kg5 41. Ra7 Rxa7 42. d7 Ra8 43. d8=Q+ Rxd8 44. Rxd8 1-0

[Event "Sparkassen-Open J"]
[Site "Heusenstamm, Martinsee"]
[Date "2017.11.25"]
[Round "2.11"]
[White "Richter, Tim"]
[Black "Martin, Peter"]
[Result "1-0"]
[WhiteElo "1062"]
[BlackElo "1219"]
[PlyCount "137"]
[EventDate "2017.??.??"]
[WhiteTeam "SF Heidesheim"]
[BlackTeam "SG Trier"]

1. d4 c6 2. c4 d5 3. cxd5 cxd5 4. Bf4 Nc6 5. Nf3 Bg4 6. e3 e6 7. Nbd2 Nf6 8. h3
Bf5 9. Qb3 Qd7 10. Bd3 Bxd3 11. Qxd3 Nb4 12. Qb3 Rc8 13. O-O Be7 14. Ne5 Qd8
15. Qa4+ Nd7 16. Rac1 a6 17. Rxc8 Qxc8 18. a3 b5 19. Qb3 Nxe5 20. Bxe5 f6 21.
Bh2 Nc6 22. Rc1 Kd7 23. a4 b4 24. Qc2 f5 25. Nf3 Bd6 26. Bxd6 Kxd6 27. Qc5+ Kc7
28. Qxc6+ Kb8 29. Qxc8+ Rxc8 30. Rxc8+ Kxc8 31. Ne5 Kc7 32. b3 Kb6 33. Kh2 h5
34. Nf7 Kc6 35. Kg3 Kd7 36. Kh4 Ke7 37. Ne5 Kf6 38. Kxh5 f4 39. Kg4 g5 40. Nc6
a5 41. Nxa5 fxe3 42. fxe3 e5 43. Nc6 exd4 44. Nxd4 Ke5 45. a5 Ke4 46. a6 Kxe3
47. Nc6 d4 48. Nxd4 Kxd4 49. a7 Kc3 50. a8=Q Kxb3 51. Qa1 Kc2 52. h4 gxh4 53.
Kxh4 b3 54. g4 b2 55. Qxb2+ Kxb2 56. g5 Kb3 57. g6 Kb2 58. g7 Kc3 59. g8=Q Kd3
60. Qg4 Ke3 61. Kg5 Kd3 62. Kf5 Ke3 63. Qe4+ Kd2 64. Qf3 Kc2 65. Ke4 Kc1 66.
Qf2 Kb1 67. Kd3 Ka1 68. Kc3 Kb1 69. Qb2# 1-0

[Event "Sparkassen-Open J"]
[Site "Heusenstamm, Martinsee"]
[Date "2017.11.25"]
[Round "2.12"]
[White "Buchholz, Maja"]
[Black "Werner, Florin"]
[Result "1-0"]
[WhiteElo "1178"]
[BlackElo "1042"]
[PlyCount "73"]
[EventDate "2017.??.??"]
[WhiteTeam "SK Langen"]
[BlackTeam "VSG Offenbach"]

1. c4 e6 2. g3 d5 3. cxd5 exd5 4. Bg2 Nf6 5. Nf3 Nc6 6. b3 Bd6 7. Bb2 Bf5 8.
Nc3 d4 9. Nb5 Bc5 10. Qc1 b6 11. Nfxd4 Nxd4 12. Nxd4 Bxd4 13. Bxd4 Qxd4 14.
Bxa8 O-O 15. Bg2 Rd8 16. O-O c5 17. d3 Re8 18. Qd2 b5 19. Rac1 Bg4 20. Rfe1 Ne4
21. Bxe4 Rxe4 22. Qc2 Re5 23. Qc3 Qd5 24. f3 Bf5 25. e4 Qd4+ 26. Qxd4 cxd4 27.
exf5 Rxe1+ 28. Rxe1 f6 29. Re4 Kf7 30. Rxd4 Ke7 31. Kf2 a6 32. Ke3 g6 33. g4 g5
34. f4 gxf4+ 35. Kxf4 h6 36. Re4+ Kd6 37. Re6+ 1-0

[Event "Sparkassen-Open J"]
[Site "Heusenstamm, Martinsee"]
[Date "2017.11.25"]
[Round "2.13"]
[White "Sharma, Aarush"]
[Black "Schmidt, Jeremy"]
[Result "1-0"]
[WhiteElo "1054"]
[BlackElo "1174"]
[PlyCount "89"]
[EventDate "2017.??.??"]
[WhiteTeam "Düsseldorfer SV"]
[BlackTeam "SG Rödermark"]

1. e4 e5 2. Nf3 Nc6 3. Bc4 Bc5 4. c3 d6 5. d4 exd4 6. cxd4 Bb4+ 7. Bd2 Nf6 8.
Qa4 Bxd2+ 9. Nbxd2 Bd7 10. Qc2 Qe7 11. O-O O-O 12. Rfe1 Be6 13. d5 Ne5 14. dxe6
fxe6 15. Nxe5 dxe5 16. Qb3 Rae8 17. Red1 Ng4 18. Nf3 Rf6 19. h3 Nh6 20. Nxe5
Qc5 21. Nf3 Qe7 22. Qxb7 Ref8 23. Bb5 Rxf3 24. gxf3 Qg5+ 25. Kf1 Qf4 26. Rd3 c6
27. Rd7 Nf7 28. Bxc6 Rb8 29. Qc7 Qxc7 30. Rxc7 g5 31. Rxa7 Rxb2 32. a4 Rc2 33.
Bd7 Ne5 34. Bxe6+ Kh8 35. Ra8+ Kg7 36. Ra3 Rc1+ 37. Kg2 Rc6 38. Bd5 Rc5 39. a5
Ng6 40. a6 Rc2 41. a7 Nf4+ 42. Kg3 Nh5+ 43. Kg4 Kg6 44. Rg8+ Ng7 45. Ra6+ 1-0

[Event "Sparkassen-Open J"]
[Site "Heusenstamm, Martinsee"]
[Date "2017.11.25"]
[Round "2.14"]
[White "Burkart, Lloyd Shang"]
[Black "Dixon, Laura Michaela"]
[Result "1/2-1/2"]
[WhiteElo "1108"]
[BlackElo "1145"]
[PlyCount "248"]
[EventDate "2017.??.??"]
[WhiteTeam "TuS Makkabi"]
[BlackTeam "VSG Offenbach"]

1. d4 d5 2. c4 e6 3. Nc3 Nf6 4. cxd5 exd5 5. Bg5 Be7 6. e3 Bf5 7. Bd3 Bxd3 8.
Qxd3 Nc6 9. Nf3 O-O 10. O-O Re8 11. Rfe1 a6 12. e4 dxe4 13. Nxe4 Nxe4 14. Rxe4
Qd7 15. Bxe7 Rxe7 16. Rxe7 Qxe7 17. Re1 Qf6 18. Qe3 h6 19. Ne5 Nxe5 20. Qxe5
Qxe5 21. dxe5 Re8 22. f4 b5 23. Rc1 Re7 24. Kf2 Rd7 25. Ke2 g5 26. g3 Kg7 27.
Rd1 Rxd1 28. Kxd1 f6 29. Kd2 fxe5 30. fxe5 Kf7 31. Ke3 Ke6 32. Kd4 h5 33. Ke4
c5 34. h4 gxh4 35. gxh4 b4 36. a4 c4 37. Kd4 c3 38. bxc3 bxc3 39. Kxc3 Kxe5 40.
Kc4 Kf4 41. Kc5 Kg4 42. Kb6 Kxh4 43. Kxa6 Kg3 44. Kb7 h4 45. a5 h3 46. a6 h2
47. a7 h1=Q+ 48. Kb8 Qb1+ 49. Ka8 Qe4+ 50. Kb8 Qe5+ 51. Kb7 Qe7+ 52. Kb8 Qb4+
53. Ka8 Qa5 54. Kb7 Qb5+ 55. Ka8 Qa6 56. Kb8 Qb6+ 57. Ka8 Qc6+ 58. Kb8 Qb6+ 59.
Ka8 Qa6 60. Kb8 Qb5+ 61. Ka8 Qd5+ 62. Kb8 Qb5+ 63. Ka8 Qa5 64. Kb7 Qd5+ 65. Kb8
Qd6+ 66. Kb7 Qd7+ 67. Kb8 Qb5+ 68. Ka8 Qd7 69. Kb8 Qb5+ 70. Ka8 Qc6+ 71. Kb8
Qb5+ 72. Ka8 Qc6+ 73. Kb8 Qb6+ 74. Ka8 Qa6 75. Kb8 Qb6+ 76. Ka8 Qd6 77. Kb7
Qb4+ 78. Ka8 Qe4+ 79. Kb8 Qe5+ 80. Kb7 Qb2+ 81. Ka8 Qa2 82. Kb7 Qb3+ 83. Ka8
Qa3 84. Kb7 Qb4+ 85. Ka8 Qa4 86. Kb7 Qb5+ 87. Ka8 Qa5 88. Kb8 Qb5+ 89. Ka8 Qc6+
90. Kb8 Qb6+ 91. Ka8 Qa6 92. Kb8 Qb5+ 93. Ka8 Qc6+ 94. Kb8 Qb5+ 95. Ka8 Qd7 96.
Kb8 Qb5+ 97. Ka8 Qa5 98. Kb7 Qb5+ 99. Ka8 Qd7 100. Kb8 Qe8+ 101. Kb7 Qd7+ 102.
Kb8 Qb5+ 103. Ka8 Qf5 104. Kb7 Qd7+ 105. Kb8 Qd8+ 106. Kb7 Qd5+ 107. Kb8 Qd6+
108. Kb7 Qd7+ 109. Kb8 Qb5+ 110. Ka8 Qd7 111. Kb8 Qd8+ 112. Kb7 Qe7+ 113. Kb8
Qb4+ 114. Ka8 Qa5 115. Kb8 Qb5+ 116. Ka8 Qd7 117. Kb8 Qd6+ 118. Kb7 Qb4+ 119.
Ka8 Qc5 120. Kb7 Qe7+ 121. Kb8 Qd6+ 122. Kb7 Qd7+ 123. Kb8 Qb5+ 124. Ka8 Qd5+
1/2-1/2

[Event "Sparkassen-Open J"]
[Site "Heusenstamm, Martinsee"]
[Date "2017.11.25"]
[Round "2.16"]
[White "Spelleken, Mark"]
[Black "Kamleiter, Noah"]
[Result "0-1"]
[WhiteElo "783"]
[BlackElo "1037"]
[PlyCount "86"]
[EventDate "2017.??.??"]
[WhiteTeam "SC Kahl"]
[BlackTeam "TSV Bindlach"]

1. d4 d5 2. Nc3 Nc6 3. e4 dxe4 4. Nxe4 Qxd4 5. Qxd4 Nxd4 6. b3 Nxc2+ 7. Ke2
Nxa1 8. Bb2 Nc2 9. Nf3 e6 10. Bc3 Bb4 11. Bxg7 f5 12. Bxh8 fxe4 13. Ng5 Bd7 14.
Nxe4 O-O-O 15. Kf3 Ne7 16. Bd3 Ne1+ 17. Ke3 Rxh8 18. a3 Nxd3 19. Kxd3 Ba5 20.
b4 Bb6 21. a4 Bc6 22. Ng5 Bxf2 23. Nf7 Rf8 24. Ne5 Bxa4 25. Rd1 Bxd1 26. Kd2
Ba4 27. Nd3 Nc6 28. Kc3 Bd4+ 29. Kc4 Rg8 30. b5 Ne5+ 31. Kxd4 Nxd3 32. Kxd3
Bxb5+ 33. Kc3 Rxg2 34. Kb4 Bc6 35. Kc4 Rxh2 36. Kd4 a5 37. Ke5 a4 38. Kxe6 a3
39. Ke7 a2 40. Kf8 a1=Q 41. Ke7 Qe5+ 42. Kf7 Bd5+ 43. Kf8 Rf2# 0-1

[Event "Sparkassen-Open J"]
[Site "Heusenstamm, Martinsee"]
[Date "2017.11.25"]
[Round "2.17"]
[White "Tryfon, Konstantin"]
[Black "Mainberger, Jakob"]
[Result "1-0"]
[WhiteElo "1030"]
[BlackElo "779"]
[PlyCount "51"]
[EventDate "2017.??.??"]
[WhiteTeam "SC Höchst"]
[BlackTeam "SC Kahl"]

1. e4 e5 2. Nf3 Nc6 3. d4 exd4 4. Bc4 Bc5 5. O-O Nf6 6. e5 Ng4 7. Bxf7+ Kxf7 8.
Ng5+ Ke8 9. Qxg4 d6 10. Qh5+ g6 11. Qh6 Qd7 12. Ne4 Nxe5 13. Nf6+ Kd8 14. Nxd7
Bxd7 15. Qg7 Re8 16. Qxh7 Bf5 17. Bg5+ Kc8 18. Kh1 Bxc2 19. f4 Bd3 20. Rc1 Ng4
21. f5 gxf5 22. Nd2 Nf2+ 23. Kg1 Ne4 24. Bf4 Nxd2 25. Rxc5 c6 26. Bxd6 1-0

[Event "Sparkassen-Open J"]
[Site "Heusenstamm, Martinsee"]
[Date "2017.11.25"]
[Round "2.18"]
[White "Culha, Merve"]
[Black "Welker, Alexandra"]
[Result "0-1"]
[WhiteElo "778"]
[BlackElo "1009"]
[PlyCount "54"]
[EventDate "2017.??.??"]
[WhiteTeam "SC Heusenstamm"]
[BlackTeam "TuS Makkabi"]

1. e4 e5 2. Nf3 Nc6 3. Bc4 Bc5 4. Nc3 Nf6 5. d4 exd4 6. Ne2 d5 7. Nexd4 dxc4 8.
O-O O-O 9. e5 Nxd4 10. exf6 Nxf3+ 11. Qxf3 Qxf6 12. Qd5 Bd6 13. Bg5 Qg6 14. f4
Be6 15. Qxb7 Bc5+ 16. Kh1 Rac8 17. Qc6 Bd4 18. Rad1 Bxb2 19. Qc5 Qxc2 20. Rb1
c3 21. Qe5 Rce8 22. f5 f6 23. Qf4 fxg5 24. Qxg5 Bxf5 25. Rbe1 Rxe1 26. Rxe1 Be4
27. Qe7 Qxg2# 0-1

[Event "Sparkassen-Open J"]
[Site "Heusenstamm, Martinsee"]
[Date "2017.11.25"]
[Round "2.19"]
[White "Scheerer, Amelie"]
[Black "Hain, Julian"]
[Result "1-0"]
[WhiteElo "957"]
[BlackElo "777"]
[PlyCount "23"]
[EventDate "2017.??.??"]
[WhiteTeam "SF Frankfurt"]
[BlackTeam "SC Heusenstamm"]

1. e4 e5 2. Nf3 Nc6 3. Bc4 Nf6 4. Nc3 Bc5 5. d3 d6 6. h3 Nd4 7. Nxd4 Bxd4 8.
Bg5 h6 9. Bh4 g5 10. Bg3 Nh5 11. Qxh5 Bd7 12. Qxf7# 1-0

[Event "Sparkassen-Open J"]
[Site "Heusenstamm, Martinsee"]
[Date "2017.11.25"]
[Round "2.20"]
[White "Özyar, Arin"]
[Black "Kovalenko, David"]
[Result "1-0"]
[WhiteElo "777"]
[BlackElo "951"]
[PlyCount "81"]
[EventDate "2017.??.??"]
[WhiteTeam "SC Bad Soden"]
[BlackTeam "Düsseldorfer SV"]

1. e4 d5 2. exd5 Nf6 3. Nc3 Bg4 4. Nf3 Nxd5 5. Nxd5 Qxd5 6. h3 Bf5 7. d4 Nc6 8.
Bd3 Nb4 9. Bxf5 Qxf5 10. O-O Nxc2 11. g4 Qd5 12. Rb1 e6 13. Be3 Nxe3 14. fxe3
Qxa2 15. Qc1 Bd6 16. Ne5 O-O-O 17. Nxf7 Qb3 18. Nxh8 Rxh8 19. Qc3 Qd5 20. Ra1
Kb8 21. Qa5 a6 22. Qxd5 exd5 23. Rf7 g6 24. Kf2 h5 25. Kf3 hxg4+ 26. Kxg4 Rg8
27. Kg5 Rh8 28. Rh1 Rg8 29. Rf6 Be7 30. Rg1 Bxf6+ 31. Kxf6 b5 32. Rxg6 Rxg6+
33. Kxg6 a5 34. h4 b4 35. h5 b3 36. h6 a4 37. h7 a3 38. h8=Q+ Kb7 39. bxa3 b2
40. Qh1 c6 41. Qb1 1-0

[Event "Sparkassen-Open J"]
[Site "Heusenstamm, Martinsee"]
[Date "2017.11.25"]
[Round "2.21"]
[White "Schmidt, Merle"]
[Black "Jäger, Viktoria"]
[Result "1-0"]
[WhiteElo "936"]
[BlackElo "768"]
[PlyCount "85"]
[EventDate "2017.??.??"]
[WhiteTeam "SK Langen"]
[BlackTeam "SC Nidderau"]

1. e4 e5 2. Nf3 Nc6 3. Bc4 Bc5 4. Nc3 Nf6 5. d3 d6 6. Bg5 h6 7. Bh4 Bg4 8. Nd5
Qd7 9. Bxf6 gxf6 10. Nxf6+ Kd8 11. Nxd7 Kxd7 12. O-O Rhg8 13. Bxf7 Rgf8 14. Bd5
Rf6 15. Bxc6+ Kxc6 16. a3 Rh8 17. b4 Bb6 18. a4 a6 19. c4 Bd4 20. Rb1 h5 21.
b5+ Kc5 22. Qe2 Rg6 23. bxa6 bxa6 24. Rb7 h4 25. Rxc7+ Kb6 26. Rf7 Bh5 27. h3
Bxf3 28. Qxf3 Ka5 29. Kh1 Kxa4 30. g3 hxg3 31. fxg3 Rxh3+ 32. Kg2 Rgh6 33. Qg4
Kb3 34. Qxh3 Re6 35. Qxe6 a5 36. Rb1+ Kc3 37. Qxd6 a4 38. Ra1 Kb3 39. Qa3+ Kc2
40. Qc1+ Kxd3 41. Rf3+ Kxe4 42. Qe1+ Be3 43. Qxe3# 1-0

[Event "Sparkassen-Open J"]
[Site "Heusenstamm, Martinsee"]
[Date "2017.11.25"]
[Round "2.22"]
[White "Jonuzi, Lavdim"]
[Black "Fürschbach, Nino Matteo"]
[Result "0-1"]
[WhiteElo "758"]
[BlackElo "930"]
[PlyCount "86"]
[EventDate "2017.??.??"]
[WhiteTeam "SC Nidderau"]
[BlackTeam "SC Herborn"]

1. e4 e5 2. Nf3 Nc6 3. Bc4 d6 4. O-O Nf6 5. Nc3 Bg4 6. h3 Bh5 7. g4 Bg6 8. d3
Be7 9. Be3 O-O 10. a4 Re8 11. Rb1 a6 12. b4 Qd7 13. b5 axb5 14. Bxb5 d5 15.
exd5 Nxd5 16. Nxd5 Qxd5 17. c4 Qd6 18. c5 Qd5 19. Bc4 Qd7 20. Rxb7 Na5 21. Rb4
Red8 22. Nxe5 Qe8 23. Bb5 c6 24. Bc4 Nxc4 25. Rxc4 Bf6 26. f4 Bxe5 27. fxe5
Rxd3 28. Qe2 Qxe5 29. Rff4 Rxe3 30. Qf2 Re8 31. Qh4 Re1+ 32. Kf2 Qe3+ 33. Kg2
f6 34. Rf3 Qe2+ 35. Rf2 Qxc4 36. g5 Qxh4 37. Rf3 Qxg5+ 38. Rg3 R8e2+ 39. Kf3
Qe3+ 40. Kg4 f5+ 41. Kh4 Qe4+ 42. Kg5 Qe5 43. a5 Qxg3# 0-1

[Event "Sparkassen-Open J"]
[Site "Heusenstamm, Martinsee"]
[Date "2017.11.25"]
[Round "3.1"]
[White "Kail, Oliver"]
[Black "Schwarz, Daniel"]
[Result "0-1"]
[WhiteElo "1479"]
[BlackElo "1630"]
[PlyCount "68"]
[EventDate "2017.??.??"]
[WhiteTeam "SK Klingenberg"]
[BlackTeam "SG Idstein"]

1. e4 e5 2. Nf3 Nc6 3. d4 exd4 4. Bc4 Bc5 5. Bd5 Nge7 6. O-O O-O 7. b3 d6 8.
Bb2 Bg4 9. a3 Nxd5 10. exd5 Ne5 11. Nbd2 Qf6 12. Ne4 Qg6 13. Nxe5 dxe5 14. f3
Bb6 15. fxg4 Qxe4 16. Qd3 Qxd3 17. cxd3 Rad8 18. Rac1 Rxd5 19. a4 Re8 20. Rfe1
Re6 21. b4 a5 22. bxa5 Rxa5 23. Rc4 Rc5 24. Rec1 Rec6 25. Rxc5 Rxc5 26. Rxc5
Bxc5 27. Kf2 f6 28. Kf3 Kf7 29. Ke4 Ke6 30. h4 g6 31. g5 f5+ 32. Kf3 Kd5 33.
Ke2 e4 34. g3 Ke5 0-1

[Event "Sparkassen-Open J"]
[Site "Heusenstamm, Martinsee"]
[Date "2017.11.25"]
[Round "3.2"]
[White "Lorenz, Alexander"]
[Black "Klaska, Philipp Leon"]
[Result "0-1"]
[WhiteElo "1551"]
[BlackElo "1153"]
[PlyCount "120"]
[EventDate "2017.??.??"]
[WhiteTeam "SV Bergwinkel"]
[BlackTeam "Düsseldorfer SV"]

1. e4 c5 2. Nc3 Nc6 3. Bb5 a6 4. Bxc6 bxc6 5. d3 e6 6. f4 Qc7 7. Nf3 Bb7 8. O-O
d5 9. Re1 Be7 10. d4 cxd4 11. Qxd4 Nf6 12. exd5 cxd5 13. Kh1 O-O 14. Be3 Bd6
15. a3 Ne4 16. g3 Rac8 17. Bd2 f6 18. Rac1 Bc5 19. Qa4 Nxd2 20. Nxd2 d4+ 21.
Nce4 f5 22. Qc4 Rfe8 23. Kg1 fxe4 24. Nxe4 Bb6 25. Qd3 Bxe4 26. Rxe4 Qc4 27.
Qxc4 Rxc4 28. Kf1 Rc6 29. c3 dxc3 30. bxc3 Rec8 31. c4 Rd8 32. Rce1 Kf7 33. g4
Rd4 34. f5 Rxe4 35. Rxe4 exf5 36. gxf5 Rf6 37. Rf4 g6 38. fxg6+ hxg6 39. Rxf6+
Kxf6 40. Ke2 g5 41. Kf3 Kf5 42. h3 Ke5 43. Kg4 Kd4 44. Kxg5 Kxc4 45. Kf4 Kb3
46. Ke4 Kxa3 47. h4 Bc5 48. h5 Bf8 49. Kf5 Kb3 50. Kf6 a5 51. Kf7 Bh6 52. Kg6
Bc1 53. h6 Bxh6 54. Kxh6 a4 55. Kg5 a3 56. Kf4 a2 57. Ke3 a1=Q 58. Kd2 Qc3+ 59.
Kd1 Qb2 60. Ke1 Kc3 0-1

[Event "Sparkassen-Open J"]
[Site "Heusenstamm, Martinsee"]
[Date "2017.11.25"]
[Round "3.3"]
[White "Althaus, Lennart"]
[Black "Klugstedt, Vincent"]
[Result "0-1"]
[WhiteElo "1235"]
[BlackElo "1684"]
[PlyCount "68"]
[EventDate "2017.??.??"]
[WhiteTeam "TV-Großostheim"]
[BlackTeam "TV Borken"]

1. e4 c5 2. Nf3 Nc6 3. d4 cxd4 4. Nxd4 g6 5. Be3 Bg7 6. f3 Qb6 7. Nf5 Qxb2 8.
Nxg7+ Qxg7 9. Nd2 Nb4 10. Nb3 a5 11. a4 Qc3+ 12. Kf2 Nxc2 13. Bd4 Nxd4 14. Nxd4
Nf6 15. Rc1 Qb2+ 16. Rc2 Qb6 17. Ke1 O-O 18. Bb5 d6 19. g4 e5 20. Nb3 Qe3+ 21.
Re2 Qc3+ 22. Rd2 Bxg4 23. fxg4 Nxe4 24. h4 Nxd2 25. Nxd2 e4 26. Kf1 e3 27. Ne4
Qe5 28. Qf3 Rac8 29. Nf6+ Kg7 30. Nd7 Qb2 31. Be2 Rfd8 32. h5 Rxd7 33. hxg6
fxg6 34. Qxe3 Qc1+ 0-1

[Event "Sparkassen-Open J"]
[Site "Heusenstamm, Martinsee"]
[Date "2017.11.25"]
[Round "3.4"]
[White "Buchholz, Maja"]
[Black "Schweizer, Michael"]
[Result "0-1"]
[WhiteElo "1178"]
[BlackElo "1462"]
[PlyCount "98"]
[EventDate "2017.??.??"]
[WhiteTeam "SK Langen"]
[BlackTeam "TuS Makkabi"]

1. c4 e5 2. d3 Nc6 3. Nf3 Bb4+ 4. Bd2 Bxd2+ 5. Qxd2 d5 6. cxd5 Qxd5 7. g3 Nf6
8. Bg2 Qd8 9. Nc3 Bg4 10. Rc1 Qd7 11. Qe3 Bxf3 12. Bxf3 Qe6 13. a3 O-O 14. O-O
Rfe8 15. Rfd1 a6 16. b4 Rab8 17. Qd2 Nd4 18. Qe3 c6 19. Bg2 h6 20. Rb1 Rbd8 21.
Qd2 Nd5 22. e3 Nxc3 23. exd4 Nxb1 24. Rxb1 exd4 25. Qd1 Qe2 26. Qb3 Qe6 27. Qc2
Qe2 28. Qb3 Qd2 29. Be4 Qc3 30. Qa4 g6 31. Qa5 Rd7 32. Qa4 Rde7 33. Qa5 f5 34.
Bg2 Qxd3 35. Rf1 Re1 36. a4 Rxf1+ 37. Bxf1 Re1 38. Qd8+ Kf7 39. Qd7+ Kf6 40.
Qd6+ Kf7 41. Qd7+ Kg8 42. Qd8+ Kf7 43. Qc7+ Ke6 44. Qc8+ Kd5 45. Qd7+ Kc4 46.
Qf7+ Kc3 47. Kg2 Qxf1+ 48. Kf3 Re3+ 49. Kf4 Qxf2# 0-1

[Event "Sparkassen-Open J"]
[Site "Heusenstamm, Martinsee"]
[Date "2017.11.25"]
[Round "3.5"]
[White "Porstendörfer, Yannik"]
[Black "Richter, Tim"]
[Result "1-0"]
[WhiteElo "1236"]
[BlackElo "1062"]
[PlyCount "93"]
[EventDate "2017.??.??"]
[WhiteTeam "SK Klingenberg"]
[BlackTeam "SF Heidesheim"]

1. d4 e6 2. Bf4 d5 3. e3 Bd6 4. Bg3 Nf6 5. Bd3 Bxg3 6. hxg3 Nbd7 7. Nd2 c5 8.
c3 Qc7 9. Ngf3 c4 10. Bc2 Nb6 11. Ne5 Nfd7 12. Ndf3 h6 13. Nxf7 Kxf7 14. Ng5+
Ke7 15. Qh5 Rf8 16. Nh7 Nf6 17. Qh4 Nbd7 18. Nxf8 Nxf8 19. g4 e5 20. g5 hxg5
21. Qxg5 Ke6 22. Qf5+ Ke7 23. Qxe5+ Qxe5 24. dxe5 Ng4 25. Rd1 Be6 26. Rh5 Nd7
27. Rg5 Rg8 28. b3 Ngxe5 29. bxc4 Nxc4 30. Bb3 Ndb6 31. Rd4 Kf6 32. Rg3 Nd6 33.
Rf3+ Nf5 34. g4 Kg5 35. gxf5 Bxf5 36. Bxd5 Nxd5 37. Rxd5 Kg4 38. Rg3+ Kh4 39.
Rxf5 b5 40. Rf4+ Kh5 41. Rfg4 g5 42. Rxg5+ Rxg5 43. Rxg5+ Kxg5 44. Ke2 Kf5 45.
Kd3 Ke5 46. f4+ Kd5 47. e4+ 1-0

[Event "Sparkassen-Open J"]
[Site "Heusenstamm, Martinsee"]
[Date "2017.11.25"]
[Round "3.6"]
[White "Czinkota, Michael"]
[Black "Porstendörfer, Eric"]
[Result "0-1"]
[WhiteElo "1139"]
[BlackElo "1489"]
[PlyCount "74"]
[EventDate "2017.??.??"]
[WhiteTeam "SC Bad Soden"]
[BlackTeam "SK Klingenberg"]

1. e4 e5 2. Nf3 Nc6 3. Bc4 Nf6 4. d3 h6 5. O-O Bc5 6. c3 d5 7. exd5 Nxd5 8. d4
exd4 9. cxd4 Bb4 10. a3 Ba5 11. Nc3 Nxc3 12. bxc3 Bxc3 13. Rb1 O-O 14. Be3 Bg4
15. Qd3 Bxf3 16. Qxc3 Be4 17. Rbd1 Qh4 18. f3 Bf5 19. d5 Ne7 20. d6 cxd6 21.
Rd4 Qf6 22. Qd2 Qg6 23. Rxd6 Be6 24. Re1 Nf5 25. Bd3 Rad8 26. Bf4 Qf6 27. Bxf5
Bxf5 28. Be5 Rxd6 29. Bxd6 Rd8 30. Rd1 Qg6 31. g4 h5 32. Qb4 hxg4 33. fxg4 Bxg4
34. Rd2 f6 35. Qc4+ Be6+ 36. Rg2 Qxg2+ 37. Kxg2 Bxc4 0-1

[Event "Sparkassen-Open J"]
[Site "Heusenstamm, Martinsee"]
[Date "2017.11.25"]
[Round "3.7"]
[White "Martin, Peter"]
[Black "Sharma, Aarush"]
[Result "1-0"]
[WhiteElo "1219"]
[BlackElo "1054"]
[PlyCount "99"]
[EventDate "2017.??.??"]
[WhiteTeam "SG Trier"]
[BlackTeam "Düsseldorfer SV"]

1. e4 c5 2. Nf3 e6 3. d4 cxd4 4. c3 dxc3 5. Nxc3 a6 6. Bc4 Qc7 7. Qd3 Nc6 8.
O-O Nf6 9. Re1 d6 10. Bg5 Be7 11. Rad1 Nb4 12. Qe2 O-O 13. e5 Ne8 14. Bxe7 Qxe7
15. exd6 Nxd6 16. Bd5 Qf6 17. Bb3 Nf5 18. a3 Nc6 19. Qe4 Nfe7 20. Bc2 Ng6 21.
Rd3 Re8 22. Nd5 Qd8 23. Nd4 Nxd4 24. Rxd4 Bd7 25. Nc3 b5 26. b4 Rc8 27. Qd3 Rc7
28. f4 Qc8 29. Re3 Qb7 30. f5 exf5 31. Rxe8+ Bxe8 32. Rd8 Qb6+ 33. Kf1 Qe6 34.
Qxf5 Re7 35. Qxe6 fxe6 36. Ne4 Kf8 37. Nd6 e5 38. Be4 Nf4 39. Bc6 Ne6 40. Rxe8+
Rxe8 41. Nxe8 Ke7 42. Bd5 Kxe8 43. Bxe6 Ke7 44. Bc8 Kd6 45. Bxa6 Kc6 46. Ke2
Kb6 47. Bc8 Kc7 48. Bf5 h6 49. Kd3 Kd6 50. Ke4 1-0